Pakistan, 1997 / (Record no. 549698)
[ view plain ]
| 000 -LEADER | |
|---|---|
| fixed length control field | 00658cam a2200193 a 4500 |
| 020 ## - INTERNATIONAL STANDARD BOOK NUMBER | |
| International Standard Book Number | 0813329752 |
| 082 00 - DEWEY DECIMAL CLASSIFICATION NUMBER | |
| Classification number | 954.9105 |
| Author Mark | PAK |
| 245 00 - TITLE STATEMENT | |
| Title | Pakistan, 1997 / |
| Statement of responsibility, etc. | edited by Craig Baxter and Charles H. Kennedy. |
| 260 ## - PUBLICATION, DISTRIBUTION, ETC. | |
| Place of publication, distribution, etc. | Boulder, Colo. : |
| Name of publisher, distributor, etc. | Westview Press, |
| Date of publication, distribution, etc. | 1998. |
| 300 ## - PHYSICAL DESCRIPTION | |
| Extent | ix, 189 p. : |
| Other physical details | map ; |
| Dimensions | 24 cm. |
| 526 ## - STUDY PROGRAM INFORMATION NOTE | |
| Program name | 0 |
| Interest level | 0 |
| Reading level | 0 |
| Title point value | 954_910500000000000_PAK |
| 590 ## - LOCAL NOTE (RLIN) | |
| Local note | In English. |
| 650 ## - SUBJECT ADDED ENTRY--TOPICAL TERM | |
| Topical term or geographic name entry element | MCE |
| 9 (RLIN) | 379 |
| 700 1# - ADDED ENTRY--PERSONAL NAME | |
| Personal name | Baxter, Craig. |
| 9 (RLIN) | 2693 |
| 700 1# - ADDED ENTRY--PERSONAL NAME | |
| Personal name | Kennedy, Charles H. |
| 9 (RLIN) | 46348 |
| 856 42 - ELECTRONIC LOCATION AND ACCESS | |
| Uniform Resource Identifier | <a href="http://www.loc.gov/catdir/enhancements/fy0830/97050622-b.html">http://www.loc.gov/catdir/enhancements/fy0830/97050622-b.html</a> |
| 856 42 - ELECTRONIC LOCATION AND ACCESS | |
| Uniform Resource Identifier | <a href="http://www.loc.gov/catdir/enhancements/fy0830/97050622-d.html">http://www.loc.gov/catdir/enhancements/fy0830/97050622-d.html</a> |
| 942 ## - ADDED ENTRY ELEMENTS (KOHA) | |
| Source of classification or shelving scheme | |
| Koha item type | Book |
| Withdrawn status | Lost status | Source of classification or shelving scheme | Damaged status | Not for loan | Permanent Location | Current Location | Date acquired | Total Checkouts | Full call number | Barcode | Date last seen | Price effective from | Koha item type |
|---|---|---|---|---|---|---|---|---|---|---|---|---|---|
| Military College of Engineering (MCE) | Military College of Engineering (MCE) | 10/09/2014 | 954.9105 PAK | MCE-43640 | 10/09/2014 | 10/09/2014 | Book |
